<?xml version="1.0" encoding="UTF-8"?>
<record
    xmlns:xsi="http://www.w3.org/2001/XMLSchema-instance"
    xsi:schemaLocation="http://www.loc.gov/MARC21/slim http://www.loc.gov/standards/marcxml/schema/MARC21slim.xsd"
    xmlns="http://www.loc.gov/MARC21/slim">

  <leader>01552nam0a22003371  4500</leader>
  <controlfield tag="001">v19\rc\1647372</controlfield>
  <controlfield tag="005">20260406115950.0</controlfield>
  <datafield tag="035" ind1=" " ind2=" ">
    <subfield code="a">(NLR Aleph) 004759369</subfield>
  </datafield>
  <datafield tag="090" ind1=" " ind2=" ">
    <subfield code="a">4575418</subfield>
    <subfield code="c">4575418</subfield>
  </datafield>
  <datafield tag="100" ind1=" " ind2=" ">
    <subfield code="a">20061002d1887    |||y0rusy50      ca</subfield>
  </datafield>
  <datafield tag="101" ind1="0" ind2=" ">
    <subfield code="a">rus</subfield>
  </datafield>
  <datafield tag="102" ind1=" " ind2=" ">
    <subfield code="a">RU</subfield>
  </datafield>
  <datafield tag="105" ind1=" " ind2=" ">
    <subfield code="a">y   z   |||a|</subfield>
  </datafield>
  <datafield tag="200" ind1="1" ind2=" ">
    <subfield code="a">&#x41F;&#x43E;&#x432;&#x435;&#x441;&#x442;&#x438; &#x410;&#x43B;&#x435;&#x43A;&#x441;&#x430;&#x43D;&#x434;&#x440;&#x430; &#x421;&#x435;&#x440;&#x433;&#x435;&#x435;&#x432;&#x438;&#x447;&#x430; &#x41F;&#x443;&#x448;&#x43A;&#x438;&#x43D;&#x430;. (&#x412;&#x44B;&#x441;&#x442;&#x440;&#x435;&#x43B;, &#x411;&#x430;&#x440;&#x44B;&#x448;&#x43D;&#x44F;-&#x43A;&#x440;&#x435;&#x441;&#x442;&#x44C;&#x44F;&#x43D;&#x43A;&#x430;, &#x414;&#x443;&#x431;&#x440;&#x43E;&#x432;&#x441;&#x43A;&#x438;&#x439;)</subfield>
    <subfield code="e">&#x41F;&#x440;&#x438;&#x441;&#x43F;&#x43E;&#x441;&#x43E;&#x431;&#x438;&#x43B; &#x434;&#x43B;&#x44F; &#x43A;&#x43B;&#x430;&#x441;. &#x447;&#x442;&#x435;&#x43D;&#x438;&#x44F; (&#x432; 4 &#x438; 3) &#x413;.&#x413;. &#x444;&#x43E;&#x43D;-&#x42D;&#x43B;&#x44C;&#x446;</subfield>
  </datafield>
  <datafield tag="210" ind1=" " ind2=" ">
    <subfield code="a">&#x414;&#x435;&#x440;&#x43F;&#x442;</subfield>
    <subfield code="c">&#x42D;.&#x42E;. &#x41A;&#x430;&#x440;&#x43E;&#x432;</subfield>
    <subfield code="d">1887</subfield>
  </datafield>
  <datafield tag="215" ind1=" " ind2=" ">
    <subfield code="a">[2], 90 &#x441;.</subfield>
    <subfield code="d">17</subfield>
  </datafield>
  <datafield tag="225" ind1="1" ind2=" ">
    <subfield code="a">&#x421;&#x431;&#x43E;&#x440;&#x43D;&#x438;&#x43A; "&#x418;&#x437; &#x43E;&#x431;&#x43B;&#x430;&#x441;&#x442;&#x438; &#x440;&#x443;&#x441;&#x441;&#x43A;&#x43E;&#x439; &#x441;&#x43B;&#x43E;&#x432;&#x435;&#x441;&#x43D;&#x43E;&#x441;&#x442;&#x438;"</subfield>
    <subfield code="v">&#x2116; 6</subfield>
  </datafield>
  <datafield tag="464" ind1=" " ind2="0">
    <subfield code="1">2001#$a&#x412;&#x44B;&#x441;&#x442;&#x440;&#x435;&#x43B;$a&#x411;&#x430;&#x440;&#x44B;&#x448;&#x43D;&#x44F;-&#x43A;&#x440;&#x435;&#x441;&#x442;&#x44C;&#x44F;&#x43D;&#x43A;&#x430;$a&#x414;&#x443;&#x431;&#x440;&#x43E;&#x432;&#x441;&#x43A;&#x438;&#x439;</subfield>
    <subfield code="t">&#x414;&#x443;&#x431;&#x440;&#x43E;&#x432;&#x441;&#x43A;&#x438;&#x439;</subfield>
  </datafield>
  <datafield tag="532" ind1="1" ind2="3">
    <subfield code="a">&#x41F;&#x43E;&#x432;&#x435;&#x441;&#x442;&#x438; &#x410;&#x43B;&#x435;&#x43A;&#x441;&#x430;&#x43D;&#x434;&#x440;&#x430; &#x421;&#x435;&#x440;&#x433;&#x435;&#x435;&#x432;&#x438;&#x447;&#x430; &#x41F;&#x443;&#x448;&#x43A;&#x438;&#x43D;&#x430;. (&#x412;&#x44B;&#x441;&#x442;&#x440;&#x435;&#x43B;, &#x411;&#x430;&#x440;&#x44B;&#x448;&#x43D;&#x44F;-&#x43A;&#x440;&#x435;&#x441;&#x442;&#x44C;&#x44F;&#x43D;&#x43A;&#x430;, &#x414;&#x443;&#x431;&#x440;&#x43E;&#x432;&#x441;&#x43A;&#x438;&#x439;)</subfield>
  </datafield>
  <datafield tag="700" ind1=" " ind2="1">
    <subfield code="8">rus</subfield>
    <subfield code="7">ca</subfield>
    <subfield code="a">&#x41F;&#x443;&#x448;&#x43A;&#x438;&#x43D;</subfield>
    <subfield code="b">&#x410;. &#x421;.</subfield>
    <subfield code="c">&#x43F;&#x43E;&#x44D;&#x442;</subfield>
    <subfield code="f">1799-1837</subfield>
    <subfield code="g">&#x410;&#x43B;&#x435;&#x43A;&#x441;&#x430;&#x43D;&#x434;&#x440; &#x421;&#x435;&#x440;&#x433;&#x435;&#x435;&#x432;&#x438;&#x447;</subfield>
    <subfield code="3">RU\NLR\AUTH\77386</subfield>
    <subfield code="9">110441</subfield>
  </datafield>
  <datafield tag="702" ind1=" " ind2="1">
    <subfield code="4">570</subfield>
    <subfield code="8">rus</subfield>
    <subfield code="7">ca</subfield>
    <subfield code="a">&#x42D;&#x43B;&#x44C;&#x446;</subfield>
    <subfield code="b">&#x413;. &#x413;. &#x444;&#x43E;&#x43D;</subfield>
    <subfield code="g">&#x413;&#x443;&#x433;&#x43E; &#x413;&#x443;&#x433;&#x43E;&#x432;&#x438;&#x447; &#x444;&#x43E;&#x43D;</subfield>
    <subfield code="3">RU\NLR\AUTH\7758303</subfield>
    <subfield code="9">41235</subfield>
  </datafield>
  <datafield tag="801" ind1=" " ind2="0">
    <subfield code="a">RU</subfield>
    <subfield code="b">NLR</subfield>
    <subfield code="g">psbo</subfield>
  </datafield>
  <datafield tag="801" ind1=" " ind2="0">
    <subfield code="a">RU</subfield>
    <subfield code="b">RuMoRGB</subfield>
    <subfield code="2">psbo</subfield>
  </datafield>
  <datafield tag="801" ind1=" " ind2="1">
    <subfield code="a">RU</subfield>
    <subfield code="b">ProSoft-M</subfield>
    <subfield code="2">rusmarc</subfield>
  </datafield>
  <datafield tag="852" ind1=" " ind2=" ">
    <subfield code="a">NLR</subfield>
    <subfield code="j">&#x41F;&#x443;&#x448;&#x43A;&#x438;&#x43D;/4-&#x41F;-42-1</subfield>
  </datafield>
  <datafield tag="899" ind1=" " ind2=" ">
    <subfield code="a">RuMoRGB</subfield>
    <subfield code="j">J 74/137</subfield>
  </datafield>
  <datafield tag="899" ind1=" " ind2=" ">
    <subfield code="a">&#x411;&#x410;&#x41D;</subfield>
  </datafield>
  <datafield tag="899" ind1=" " ind2=" ">
    <subfield code="a">RuMoRGB</subfield>
    <subfield code="j">&#x420;&#x431; 10/1058</subfield>
  </datafield>
  <datafield tag="942" ind1=" " ind2=" ">
    <subfield code="c">BOOK</subfield>
  </datafield>
  <datafield tag="980" ind1=" " ind2=" ">
    <subfield code="a">NB</subfield>
  </datafield>
  <datafield tag="995" ind1=" " ind2=" ">
    <subfield code="5">2013-10-26</subfield>
    <subfield code="b">NLR02</subfield>
    <subfield code="c">NLR02</subfield>
    <subfield code="e">RFS</subfield>
    <subfield code="f">4759369-10</subfield>
    <subfield code="k">&#x41F;&#x443;&#x448;&#x43A;&#x438;&#x43D;/4-&#x41F;-42-1</subfield>
    <subfield code="o">0</subfield>
    <subfield code="r">BOOK</subfield>
    <subfield code="s">4421_</subfield>
  </datafield>
  <datafield tag="995" ind1=" " ind2=" ">
    <subfield code="5">2013-10-26</subfield>
    <subfield code="b">NLR01</subfield>
    <subfield code="c">NLR01</subfield>
    <subfield code="e">TEMP</subfield>
    <subfield code="f">4759369-40</subfield>
    <subfield code="o">0</subfield>
    <subfield code="r">BOOK</subfield>
  </datafield>
</record>
